Sports Quiz

Random Sports or MLB Quiz

MLB 2016 OBP 1.000 (1st PA) Quiz Stats

 Plays Quiz not verified by Sporcle

Challenge
Share
Tweet
Embed
Score 0/93 Timer 12:00
0 Plays Today
Hints: Player: % Correct
STL @ PIT:Andrew McCutchen
94.4%
TOR @ TBR:Josh Donaldson
92.6%
SFG @ MIL:Brandon Belt
92.6%
TOR @ TBR:Jose Bautista
91.7%
TOR @ TBR:Edwin Encarnacion
88.9%
TOR @ TBR:Troy Tulowitzki
88.9%
TOR @ TBR:Evan Longoria
88.9%
NYM @ KCR:Eric Hosmer
88.9%
MIN @ BAL:Chris Davis
88.9%
NYM @ KCR:Lorenzo Cain
88%
WSH @ ATL:Bryce Harper
87%
WSH @ ATL:Freddie Freeman
86.1%
SEA @ TEX:Robinson Cano
85.2%
SEA @ TEX:Kyle Seager
85.2%
SEA @ TEX:Adrian Beltre
85.2%
LAD @ SDP:Corey Seager
85.2%
LAD @ SDP:Adrian Gonzalez
84.3%
CHC @ LAA:Anthony Rizzo
84.3%
CHC @ LAA:Dexter Fowler
81.5%
CHW @ OAK:Jose Abreu
80.6%
BOS @ CLE:Jackie Bradley Jr.
80.6%
WSH @ ATL:Daniel Murphy
79.6%
LAD @ SDP:Chase Utley
79.6%
DET @ MIA:Giancarlo Stanton
79.6%
MIN @ BAL:Mark Trumbo
76.9%
SFG @ MIL:Jonathan Lucroy
75.9%
CHC @ LAA:Addison Russell
75.9%
SEA @ TEX:Elvis Andrus
75%
WSH @ ATL:Anthony Rendon
75%
DET @ MIA:Ian Kinsler
75%
SFG @ MIL:Domingo Santana
74.1%
Hints: Player: % Correct
BOS @ CLE:Carlos Santana
74.1%
STL @ PIT:Gregory Polanco
72.2%
NYM @ KCR:Asdrubal Cabrera
71.3%
PHI @ CIN:Carlos Ruiz
69.4%
SFG @ MIL:Chris Carter
68.5%
COL @ ARI:DJ LeMahieu
68.5%
HOU @ NYY:Starlin Castro
67.6%
COL @ ARI:Zack Greinke
66.7%
BOS @ CLE:Mike Napoli
66.7%
DET @ MIA:Justin Verlander
66.7%
DET @ MIA:Justin Upton
65.7%
HOU @ NYY:Brian McCann
64.8%
DET @ MIA:Victor Martinez
64.8%
CHW @ OAK:Adam Eaton
63.9%
STL @ PIT:Francisco Liriano
63%
CHC @ LAA:Kole Calhoun
60.2%
PHI @ CIN:Cesar Hernandez
57.4%
COL @ ARI:David Peralta
56.5%
HOU @ NYY:Carlos Beltran
56.5%
SFG @ MIL:Angel Pagan
55.6%
PHI @ CIN:Zack Cozart
55.6%
MIN @ BAL:Pedro Alvarez
54.6%
CHW @ OAK:Stephen Vogt
54.6%
SFG @ MIL:Jonathan Villar
53.7%
STL @ PIT:Jordy Mercer
52.8%
PHI @ CIN:Freddy Galvis
50.9%
BOS @ CLE:Travis Shaw
50%
STL @ PIT:David Freese
49.1%
CHW @ OAK:Austin Jackson
49.1%
CHW @ OAK:Marcus Semien
49.1%
COL @ ARI:Mark Reynolds
46.3%
Hints: Player: % Correct
TOR @ TBR:Steven Souza Jr.
44.4%
SFG @ MIL:Scooter Gennett
44.4%
COL @ ARI:Yasmany Tomas
44.4%
LAD @ SDP:Yangervis Solarte
41.7%
SEA @ TEX:Delino DeShields Jr.
40.7%
NYM @ KCR:Michael Conforto
39.8%
COL @ ARI:Jorge De La Rosa
39.8%
SEA @ TEX:Chris Iannetta
38%
CHC @ LAA:Carlos Perez
36.1%
BOS @ CLE:Brock Holt
36.1%
MIN @ BAL:Eduardo Escobar
35.2%
STL @ PIT:Jedd Gyorko
34.3%
WSH @ ATL:Kelly Johnson
34.3%
MIN @ BAL:Joey Rickard
30.6%
CHW @ OAK:Coco Crisp
30.6%
SFG @ MIL:Gregor Blanco
28.7%
DET @ MIA:Anthony Gose
28.7%
SFG @ MIL:Matt Duffy
27.8%
HOU @ NYY:Tyler White
25.9%
STL @ PIT:Matt Joyce
23.1%
DET @ MIA:Derek Dietrich
23.1%
WSH @ ATL:Jeff Francoeur
22.2%
HOU @ NYY:Aaron Hicks
22.2%
TOR @ TBR:Hank Conger
21.3%
PHI @ CIN:Scott Schebler
21.3%
DET @ MIA:Andrew Romine
18.5%
LAD @ SDP:Trayce Thompson
15.7%
LAD @ SDP:Travis Jankowski
13.9%
CHC @ LAA:Matt Szczur
13.9%
LAD @ SDP:Jabari Blash
4.6%
COL @ ARI:Brandon Barnes
3.7%

You're not logged in!

Compare scores with friends on all Sporcle quizzes.
OR
Log In

You Might Also Like...

Show Comments

Extras

Top Quizzes Today


Score Distribution

Your Account Isn't Verified!

In order to create a playlist on Sporcle, you need to verify the email address you used during registration. Go to your Sporcle Settings to finish the process.

Report this User

Report this user for behavior that violates our Community Guidelines.

Details: